Most Populous French Cities as a Percent of Their Region - Statistics

General Stats
  • This quiz has been taken 35 times
  • The average score is 8 of 15
Answer Stats
% Region City % Correct
17.5 Île-de-France Paris
100%
21.1 Corsica Ajaccio
94%
17.1 Provence-Alpes-Côte d'Azur Marseille
94%
23.1 French Guiana Cayenne
91%
21.7 Réunion Saint-Denis
71%
14.1 Corsica Bastia
62%
20.8 Martinique Fort-de-France
50%
19.7 Réunion Saint-Paul
47%
27.8 Mayotte Mamoudzou
44%
19.9 Réunion Saint-Pierre
44%
13.8 Guadeloupe Les Abymes
24%
17.2 French Guiana Saint-Laurent-du-Maroni
12%
12.1 French Guiana Matoury
9%
12.5 Mayotte Koungou
6%
11.0 Martinique Le Lamentin
6%
No matching quizzes found
Score Distribution
Percent of People with Each Score
Percentile by Number Answered
Your Score History
You have not taken this quiz